000 00404nam a22001457a 4500
999 _c193651
_d193651
008 221107b ||||| |||| 00| 0 eng d
082 _a613.70-BAJ
100 _aBIJLANI,RAMESH
245 _aA PRIMER ON YOGA(THEORY AND PRACTICE)
_hENGLISH
260 _aNEW DELHI
_bA.I.C.B
_cROHINI
270 _aA.I.C.B ,ROHINI NEW DELHI
300 _a.
_b.
_c12X13
490 _v1-2
942 _2ddc
_cBRLEN
_k613.70
_mBIJ